00434nam a2200157Ia 4500001000500000005001700005008004100022041000800063082001700071100002200088245011300110260000900223300002800232650000800260654000800268852220260306160615.0260306t2011||||xx |||||||||||||| ||spa|| aESP a371.102bC75 aCols, EstelaeAUT 0aEstilos de enseñanza:bsentidos personales y configuraciones de acción tras la semejanza de las palabras c2011 a204 páginas :c22 cm. aGEN aCED